| 000 | 004740000a22001570004500 | ||
|---|---|---|---|
| 090 |
_aAR _b01807 |
||
| 245 | 1 | 0 | _aReproduction of some vespertilionid bats in Central lowa |
| 650 | 1 | 4 |
_aReproducción animal _987770 |
| 650 | 1 | 4 |
_aBiología de la especie _993163 |
| 650 | 1 | 4 |
_aEtología _97606 |
| 651 | 4 |
_pEstados Unidos _992749 |
|
| 041 | 0 | _aInglés | |
| 100 | 1 |
_aKunz, Thomas H. _994801 |
|
| 942 | _cARTICULO | ||
| 773 | 1 |
_tAmerican Midland Naturalist _3176 _h2 _q477-486 _d1971 _g86 |
|
| 999 |
_c10884 _d10884 |
||